[Event "Internet Section 06B g/8'+2\""]
[Site "Dos Hermanas"]
[Date "2004.03.06"]
[Round "1"]
[White "Fernandez Sotelo, Gonzalo"]
[Black "Ong, Richard"]
[Result "0-1"]
[WhiteElo "1081"]
[BlackElo "2022"]
[PlyCount "42"]
[EventDate "2004.03.06"]
[EventType "swiss (blitz)"]
[EventRounds "9"]
[EventCountry "ESP"]
[SourceTitle "CBM 099 Extra"]
[Source "ChessBase"]
[SourceDate "2004.05.04"]
[SourceVersion "1"]
[SourceVersionDate "2004.05.04"]
[SourceQuality "1"]

1. e4 c5 2. a4 d6 3. Bb5+ Nd7 4. Nf3 a6 5. Bc4 e6 6. Ng5 Qxg5 7. h4 Qxg2 8. Ke2 Qxe4+ 9. Kf1 Qxh1+ 10. Ke2 Qe4+ 11. Kf1 Qxc4+ 12. Ke1 Qxh4 13. Nc3 Ngf6 14. Qf3 Ne5 15. Qe2 Nfg4 16. Ne4 Qh1+ 17. Qf1 Qxe4+ 18. Kd1 Qf3+ 19. Ke1 Nh2 20. Qe2 Qh1+ 21. Qf1 Qxf1# 0-1

[Event "Internet Section 06B g/8'+2\""]
[Site "Dos Hermanas"]
[Date "2004.03.06"]
[Round "3"]
[White "Lee, Eduardo Won Seong"]
[Black "Ong, Richard"]
[Result "0-1"]
[WhiteElo "1271"]
[BlackElo "2019"]
[PlyCount "72"]
[EventDate "2004.03.06"]
[EventType "swiss (blitz)"]
[EventRounds "9"]
[EventCountry "ESP"]
[SourceTitle "CBM 099 Extra"]
[Source "ChessBase"]
[SourceDate "2004.05.04"]
[SourceVersion "1"]
[SourceVersionDate "2004.05.04"]
[SourceQuality "1"]

1. d4 Nf6 2. Nf3 g6 3. Bf4 c5 4. e3 Bg7 5. Be2 Qa5+ 6. c3 Nc6 7. 0-0 0-0 8. h3 d6 9. Bh2 Re8 10. Nbd2 e5 11. Nc4 Qc7 12. dxe5 dxe5 13. Nfxe5 Nxe5 14. Bxe5 Rxe5 15. Nxe5 Qxe5 16. Qd8+ Bf8 17. Bc4 b6 18. Rfd1 Bb7 19. Qd2 Qg5 20. Bf1 Bf3 21. Re1 Bc6 22. Rad1 Bf3 23. Rc1 Be7 24. Rc2 Rd8 25. Qc1 Bc6 26. e4 Qe5 27. f3 Bd6 28. g4 Qg3+ 29. Bg2 Bb5 30. c4 Bc6 31. Rd2 Nd7 32. Qd1 Ne5 33. Re3 Nxc4 34. Rxd6 Rxd6 35. Qe1 Rd1 36. Kf1 Nxe3+ 0-1

[Event "Internet Section 06B g/8'+2\""]
[Site "Dos Hermanas"]
[Date "2004.03.06"]
[Round "2"]
[White "Ong, Richard"]
[Black "Sokolin, Leonid M"]
[Result "0-1"]
[WhiteElo "2019"]
[BlackElo "2513"]
[PlyCount "82"]
[EventDate "2004.03.06"]
[EventType "swiss (blitz)"]
[EventRounds "9"]
[EventCountry "ESP"]
[SourceTitle "CBM 099 Extra"]
[Source "ChessBase"]
[SourceDate "2004.05.04"]
[SourceVersion "1"]
[SourceVersionDate "2004.05.04"]
[SourceQuality "1"]

1. e4 c5 2. Nf3 Nc6 3. d4 cxd4 4. Nxd4 e5 5. Nxc6 bxc6 6. c4 Bc5 7. Nc3 Nf6 8. Bg5 h6 9. Bh4 d6 10. Be2 g5 11. Bg3 h5 12. h3 Be6 13. Qc2 a5 14. 0-0-0 Bd4 15. h4 g4 16. f4 gxf3 17. gxf3 Rg8 18. Bh2 Rg2 19. Bg1 Bxc3 20. bxc3 Bxc4 21. Rh2 Rxe2 22. Rxe2 Bxe2 23. Qxe2 Qc7 24. Qc4 Rb8 25. Be3 Qb7 26. Kd2 d5 27. exd5 Nxd5 28. Rg1 Qb2+ 29. Kd3 Kd7 30. Bd2 Qb6 31. Rg7 Qb1+ 32. Ke2 Qf5 33. Rg5 Qh3 34. Qe4 f6 35. Rg7+ Ke6 36. Ra7 Qg2+ 37. Kd3 Rb2 38. Qe1 Qxf3+ 39. Kc4 Qg4+ 40. Kc5 Rb5+ 41. Kxc6 Qc4# 0-1